Hindi sahitya: (Record no. 71636)

000 -LEADER
fixed length control field 00439nam a22001577a 4500
020 ## - INTERNATIONAL STANDARD BOOK NUMBER
International Standard Book Number 8190291017
082 ## - DEWEY DECIMAL CLASSIFICATION NUMBER
Classification number H 891.430 7
Item number JAS/H
100 ## - MAIN ENTRY--PERSONAL NAME
Personal name Jaswantbai D Pandya
9 (RLIN) 46548
245 ## - TITLE STATEMENT
Title Hindi sahitya:
Remainder of title vividh aayam/
Statement of responsibility, etc. by Jaswantbai D Pandya
260 ## - PUBLICATION, DISTRIBUTION, ETC.
Place of publication, distribution, etc. Kanpur:
Name of publisher, distributor, etc. Jnan Prakashan,
Date of publication, distribution, etc. 2006.
300 ## - PHYSICAL DESCRIPTION
Extent 148p.
650 ## - SUBJECT ADDED ENTRY--TOPICAL TERM
Topical term or geographic name entry element Literature Hindi Study
9 (RLIN) 46549
650 ## - SUBJECT ADDED ENTRY--TOPICAL TERM
Topical term or geographic name entry element Literature Hindi
9 (RLIN) 46550
650 ## - SUBJECT ADDED ENTRY--TOPICAL TERM
Topical term or geographic name entry element Literature
9 (RLIN) 46551
942 ## - ADDED ENTRY ELEMENTS (KOHA)
Koha item type Book
Holdings
Withdrawn status Lost status Damaged status Not for loan Permanent Location Current Location Shelving location Date acquired Cost, normal purchase price Total Checkouts Full call number Barcode Date last seen Price effective from Koha item type
        Sree Sankaracharya University of Sanskrit Sree Sankaracharya University of Sanskrit Stacks 25.05.2018 225.00   H 891.430 7 JAS/H 089746 25.05.2018 25.05.2018 Book